Normal view
MARC view
- जोशी, विवेक
Entry Personal Name
001 - CONTROL NUMBER
- control field: 216968
003 - CONTROL NUMBER IDENTIFIER
- control field: OSt
005 - DATE AND TIME OF LATEST TRANSACTION
- control field: 20260310163408.0
008 - FIXED-LENGTH DATA ELEMENTS
- fixed length control field: 260310|| aca||aabn | a|a d
040 ## - CATALOGING SOURCE
- Original cataloging agency: OSt
- Transcribing agency: OSt
100 ## - HEADING--PERSONAL NAME
- Personal name: जोशी, विवेक
670 ## - SOURCE DATA FOUND
- Source citation: Work cat.: (OSt)370679: जोशी, विवेक, स्व-त्व भारतीय विकासाचे उद्यमशीलता उद्योग आणि तंत्रज्ञानाचे, 2022